| 000 | 00378nam a2200145Ia 4500 | ||
|---|---|---|---|
| 008 | 231129s2002||||xx |||||||||||||| ||spa|| | ||
| 020 | _a84-206-3681-9 | ||
| 040 | _bspa | ||
| 082 | _aE823.912 D754s | ||
| 100 | _aDoyle Arthur Conan | ||
| 245 | 0 | _aEl Sabueso de los Baskerville | |
| 260 | _c2002 | ||
| 264 | _aAlianza | ||
| 942 |
_2ddc _cBKS |
||
| 999 |
_c12361 _d12361 |
||